KOHA-Header-6

Advertising, Promotion, and New Media (Record no. 9311)

000 -LEADER
fixed length control field 00260nam a2200109Ia 4500
020 ## - INTERNATIONAL STANDARD BOOK NUMBER
ISBN 9788120327399
100 ## - MAIN ENTRY--AUTHOR NAME
Personal name Stafford, Faber
245 #0 - TITLE STATEMENT
Title Advertising, Promotion, and New Media
260 ## - PUBLICATION, DISTRIBUTION, ETC. (IMPRINT)
Place of publication New Delhi
Name of publisher Addison - Wesley
Year of publication 1999
300 ## - PHYSICAL DESCRIPTION
Number of Pages 209
942 ## - ADDED ENTRY ELEMENTS (KOHA)
Koha item type Books
Holdings
Withdrawn status Lost status Collection code Permanent Location Current Location Shelving location Date acquired Full call number Accession Number Koha item type
    Marketing MAJU MAJU   2019-09-14 378.16 4897 Marketing

Powered by Koha